[Event "Asian Indoor Games 5th"]
[Site "Ashkhabad"]
[Date "2017.09.24"]
[Round "7"]
[White "Lei, Ka Chon"]
[Black "Kayastha, Madan Krishna"]
[Result "0-1"]
[WhiteElo "1544"]
[BlackElo "2126"]
[PlyCount "64"]
[EventDate "2017.09.21"]
[EventType "swiss"]
[EventRounds "7"]
[EventCountry "TKM"]
[SourceTitle "CBM 180 Extra"]
[Source "ChessBase"]
[SourceDate "2017.10.06"]
[SourceVersion "1"]
[SourceVersionDate "2017.10.06"]
[SourceQuality "1"]

1. e4 e5 2. Nf3 Nf6 3. Nxe5 d6 4. Nf3 Nxe4 5. d4 d5 6. Bd3 Bf5 7. 0-0 Be7 8. Re1 0-0 9. Bf4 Bb4 10. c3 Bd6 11. Bxd6 Nxd6 12. Bxf5 Nxf5 13. Qd3 Nd6 14. Nbd2 Nd7 15. Re2 Nf6 16. Rae1 Nfe4 17. Nxe4 dxe4 18. Rxe4 Nxe4 19. Qxe4 c6 20. Qg4 Re8 21. Rxe8+ Qxe8 22. h4 Qe6 23. Qf4 Qxa2 24. h5 h6 25. g4 Re8 26. g5 Qb1+ 27. Kg2 Qe4 28. Qg3 Kh7 29. Kg1 Qf5 30. Kf1 Re4 31. gxh6 gxh6 32. Ne5 Qxh5 0-1

[Event "Asian Indoor Games 5th"]
[Site "Ashkhabad"]
[Date "2017.09.23"]
[Round "6"]
[White "Lei, Ka Chon"]
[Black "Ahmed, Ashraf"]
[Result "1-0"]
[WhiteElo "1544"]
[BlackElo "1873"]
[PlyCount "97"]
[EventDate "2017.09.21"]
[EventType "swiss"]
[EventRounds "7"]
[EventCountry "TKM"]
[SourceTitle "CBM 180 Extra"]
[Source "ChessBase"]
[SourceDate "2017.10.06"]
[SourceVersion "1"]
[SourceVersionDate "2017.10.06"]
[SourceQuality "1"]

1. e4 d5 2. exd5 Nf6 3. d4 Nxd5 4. Bc4 Nc6 5. Nc3 Nxc3 6. bxc3 e6 7. Nf3 Be7 8. 0-0 0-0 9. Bf4 b6 10. Bd3 Bb7 11. c4 Nb4 12. c3 Nxd3 13. Qxd3 c5 14. Rad1 cxd4 15. cxd4 Qc8 16. Ng5 Bxg5 17. Bxg5 h6 18. Be3 Rd8 19. Qb3 Qc6 20. f3 Ba6 21. Rc1 Rac8 22. Rf2 Bxc4 23. Qa3 a6 24. Rfc2 b5 25. Qe7 Rd7 26. Qh4 Qd5 27. Qe1 Rc6 28. a3 f6 29. Qg3 Kh7 30. Qb8 Rdc7 31. Qe8 Qd6 32. Rc3 Re7 33. Qh5 e5 34. Qf5+ g6 35. Qh3 g5 36. dxe5 Rxe5 37. f4 Rd5 38. fxg5 fxg5 39. Qf3 Rc7 40. Qe4+ Kg8 41. h4 gxh4 42. Qxh4 h5 43. Bf4 Rd1+ 44. Kh2 Rd4 45. Qg3+ Rg7 46. Bxd6 Rxg3 47. Rxg3+ Kf7 48. Bb4 Re4 49. Re1 1-0

[Event "Asian Indoor Games 5th"]
[Site "Ashkhabad"]
[Date "2017.09.22"]
[Round "4"]
[White "Muhammed, Shuaau"]
[Black "Lei, Ka Chon"]
[Result "1-0"]
[WhiteElo "1779"]
[BlackElo "1544"]
[PlyCount "85"]
[EventDate "2017.09.21"]
[EventType "swiss"]
[EventRounds "7"]
[EventCountry "TKM"]
[SourceTitle "CBM 180 Extra"]
[Source "ChessBase"]
[SourceDate "2017.10.06"]
[SourceVersion "1"]
[SourceVersionDate "2017.10.06"]
[SourceQuality "1"]

1. e4 e6 2. f4 d5 3. e5 c5 4. Nf3 Nc6 5. Bb5 Bd7 6. 0-0 Nxe5 7. Bxd7+ Nxd7 8. Nc3 Ngf6 9. d3 a6 10. f5 e5 11. Re1 Bd6 12. Bg5 Qc7 13. h3 h6 14. Bh4 d4 15. Ne4 Nd5 16. Qd2 Be7 17. Bf2 Rc8 18. c4 Nb4 19. g4 f6 20. h4 Qd8 21. Kg2 Rf8 22. Bg3 Nc6 23. Rf1 Rf7 24. g5 Bf8 25. g6 Qe7 26. Qe2 Nb4 27. a3 Nc6 28. h5 Nb6 29. Nh4 Qc7 30. gxf7+ Kxf7 31. Qg4 Na4 32. Rf2 Qb6 33. Ng6 Qb3 34. Nxf8 Kxf8 35. Qg6 Ne7 36. Qg4 Qxd3 37. Bxe5 Qxc4 38. Bd6 Re8 39. Re1 Qd5 40. Kh2 Kf7 41. Qf3 Qc6 42. Bg3 Nd5 43. Nd6+ 1-0